000 00213nam a2200097Ia 4500
008 190216s9999||||xx |||||||||||||| ||und||
100 _aDr.Muhammed Sali P
245 0 _aMuhammed Nabi
260 _bNull
942 _cBK
999 _c22240
_d22240